000 00539nmm a2200169Ia 4500
008 251105s9999||||xx |||||||||||||||||und||
020 _a9789586486477
041 _aspa
100 _aFlórez Uribe, Juan Antonio
245 0 _aProyectos de inversión para las PYME (SIL) : creación de empresas
264 _a[Bogotá, Colombia] :
_bEcoe Ediciones,
_c2010
300 _a206 páginas
490 _aCiencias Administrativas
650 _aEconomics and Business
856 _uhttps://public.digitaliapublishing.com/a/30031
942 _cCF
999 _c95297
_d95297